000
00331 a2200109 4500
001
ART_11369
005
20260410161856.0
008
260409a
245
1
0
_a
Desempleo por apertura de la economía
100
1
_a
Diaz Cafferata, Alberto M.
773
0
_t
Revista de Economía
_g
- Nº 58 (ene./mar. 1990)
_w
REV11077
999
_c
25506
_d
25506